书目信息 |
| 题名: |
中华人民共和国条约集
|
|
| 作者: | ;中华人民共和国外交部 编 | |
| 分册: | 第二十六集 | |
| 出版信息: | 北京 世界知识出版社 1983.7 |
|
| 页数: | 415页 | |
| 开本: | 20cm | |
| 丛书名: | ||
| 单 册: | ||
| 中图分类: | D826 | |
| 科图分类: | ||
| 主题词: | 外交--条约--中国 | |
| 电子资源: | ||
| ISBN: | ||
| 000 | 00672nam0 2200217 45 | |
| 001 | 0210101550 | |
| 005 | 20050330171139.4 | |
| 010 | @b精装@dCNY2.40 | |
| 091 | @a3003.1656 | |
| 100 | @a20021010d1983 km y0chiy0120 ea | |
| 101 | 0 | @achi |
| 105 | @a n 000yy | |
| 200 | 1 | @a中华人民共和国条约集@AZhong Hua Ren Min Gong He Guo Tiao Yue Ji@h第二十六集@e1979@f中华人民共和国外交部编@FZhong Hua Ren Min Gong He Guo Wai Jiao Bu Bian |
| 210 | @a北京@c世界知识出版社@d1983.7 | |
| 215 | @a415页@d20cm | |
| 517 | @a1979 | |
| 606 | 0 | @a外交@x条约@x中国 |
| 690 | @aD826@v3 | |
| 711 | 02 | @a中华人民共和国外交部@4编 |
| 801 | @aCN@bTSTC@c20031027 | |
| 905 | @dD826@e2:26@f1@b176664 | |
| 中华人民共和国条约集.第二十六集:1979/中华人民共和国外交部编.-北京:世界知识出版社,1983.7 |
| 415页;20cm |
| ISBN (精装):CNY2.40 |
| ● |
| 相关链接 |
|
|
|
|
正题名:中华人民共和国条约集
索取号:D826/2:26
 
预约/预借
| 序号 | 登录号 | 条形码 | 馆藏地/架位号 | 状态 | 备注 |
| 1 | 0092625 | 001609085 | 密集书库/ [索取号:D826/2:26] | 在馆 | |
| 2 | 0092626 | 001025223 | 第一借阅区/ [索取号:D826/2:26] | 在馆 | |
| 3 | 0092627 | 001725814 | 密集书库/ [索取号:D826/2:26] | 在馆 | |
| 4 | 0176663 | 001609101 | 密集书库/ [索取号:D826/2:26] | 在馆 | |
| 5 | 0176664 | 002008026 | 第一样本阅览室/ [索取号:D826/2:26] | 在馆 | |
| 6 | 0176665 | 001609110 | 密集书库/ [索取号:D826/2:26] | 在馆 |